00957nam a2200229 a 4500001001000000003000900010005001700019008004100036020001500077040002500092245013000117260007200247300002600319490003600345504007300381700003300454710006000487830004300547942001400590952010600604999001700710000041550DO-SdBNP20220909094905.0131009s1991 sp 000 0 spa d a8400072022 aDO-SdBNPbSPAcBNPHU10aKitàb al-mustagìtìn bi-llàh :ben busca del socorro divina /cIbn Baskuwal ; ed. crítica y estudio Manuela Marín. aMadrid :bConsejo Superior de Investigaciones Científicas,c1991. a132, 209 p. ;c25 cm.1 aFuentes arábico-hispanas ;v8 aIncluye referencias bibliográficas y notas al pie de las páginas1 aMarín, Manuelaeed.9680112 aConsejo Superior de Investigaciones Científicas94786 0aFuentes arábico-hispanas ;v8965581 2ddccLBS1 0010507-18MOaGRbGRcOId2013-10-09iLF1l0o p41550-10r2020-06-25w2020-06-25y1ZNo se presta c41040d41040